| 000 | 00841nam a22002177a 4500 | ||
|---|---|---|---|
| 999 |
_c17386 _d17386 |
||
| 003 | AR-CdUCM | ||
| 008 | 190508b ||||| |||| 00| 0 spa d | ||
| 040 |
_aMUNICIPALIDAD PROVINCIAL DEL CUSCO _cBIBLIOTECA MUNICIPAL DEL CUSCO |
||
| 041 | _heng | ||
| 082 |
_a342.2 / _bD95 |
||
| 100 |
_aDreier, John C. _937373 |
||
| 245 | _aLa Organización de los Estados Americanos / | ||
| 260 |
_aBuenos Aires : _bIndice, _c1962. |
||
| 300 |
_aXXVI, 208 páginas ; _c18.5 cm. |
||
| 505 | _aContenido: El desafió de hoy -- La forja de un instrumento -- La protección de la soberanía -- Instrumentos nuevos para tareas nuevas -- El impacto de la revolución social -- Enfrentando el futuro. | ||
| 650 |
_aOrganismo internacionales _920817 |
||
| 650 |
_aOEA _935560 |
||
| 650 |
_aAmérica _91348 |
||
| 942 |
_2ddc _cLIBROS |
||
| 945 |
_aachl _d2019-05-08 |
||